Brawl Stars: Chromatic Brawlers - Sudden Death - Statistics

General Stats
  • This quiz has been taken 164 times
  • The average score is 11 of 21
Answers on the Grid
Answers color-coded by a green-red scale on the quiz's grid according to % correct below.
8-Bit
Amber
Angelo
Ash
Barley
Bea
Belle
Berry
Bibi
Bo
Bonnie
Brock
Bull
Buster
Buzz
Buzz Lightyear
Byron
Carl
Charlie
Chester
Chuck
Clancy
Colette
Colt
Cordelius
Crow
Darryl
Doug
Draco
Dynamike
Edgar
El Primo
Emz
Eve
Fang
Frank
Gale
Gene
Gray
Griff
Grom
Gus
Hank
Jacky
Janet
Jessie
Juju
Kenji
Kit
Larry & Lawrie
Leon
Lily
Lola
Lou
Maisie
Mandy
Max
Meeple
Meg
Melodie
Mico
Moe
Mortis
Mr. P
Nani
Nita
Ollie
Otis
Pam
Pearl
Penny
Piper
Poco
R-T
Rico
Rosa
Ruffs
Sam
Sandy
Shade
Shelly
Spike
Sprout
Squeak
Stu
Surge
Tara
Tick
Willow
 
Answer Stats
Answer % Correct
Belle
83%
Ash
72%
Buzz
67%
Gale
63%
Buster
61%
Cordelius
60%
Fang
57%
Charlie
53%
Eve
53%
Colette
52%
Lou
48%
Janet
47%
Surge
47%
Lola
46%
Mandy
46%
Ruffs
46%
Maisie
42%
Otis
42%
R-T
42%
Pearl
40%
Sam
39%
No matching quizzes found
Score Distribution
Percent of People with Each Score
Percentile by Number Answered
Your Score History
You have not taken this quiz